| 000 | 00000nam##2200000za#4500 |
| 001 | 9.569670 |
| 003 | CaOODSP |
| 005 | 20210624181859 |
| 007 | cr ||||||||||| |
| 008 | 150406|2005||||xxc|||||o f|0| 0 eng|d |
| 040 | |aCaOODSP|beng |
| 043 | |an-cn--- |
| 086 | 1 |aNH18-1/340-2005E-PDF |
| 110 | 2 |aCanada Mortgage and Housing Corporation. |
| 245 | 10|aSocial housing in the context of rural depopulation : |h[electronic resource]|bfinal report / |cprepared by David Bruce ; with Tom Carter and Ed Starr. |
| 246 | 1 |iAdditional title (within publication) : |aLe logement social dans le contexte de la dépopulation rurale |
| 260 | |aOttawa - Ontario : |bCanada Mortgage and Housing Corporation |cMarch 7, 2005 (main report), August 2005 (Research highlight). |
| 300 | |a103p.|breferences, tables |
| 490 | 1 |aResearch report |
| 500 | |aIncludes: Research highlight (Socio-economic series 05-019) under the same title. Y compris : Le point en recherche (Série socio-économique 05-019) sous le titre « Le logement social dans le contexte de la dépopulation rurale ». |
| 546 | |a(Comprend du texte en français.) |
| 590 | |a11-26-Supp|b2011-11-03 |
| 720 | 1 |aCarter, Tom |
| 720 | 1 |aBruce, David |
| 720 | 1 |aStarr, Ed |
| 830 | #0|aResearch report (Canada Mortgage and Housing Corporation : Online)|w(CaOODSP)9.506068 |
| 856 | 40|ahttp://publications.gc.ca|qPDF|s1.71 MB|uhttps://publications.gc.ca/collections/collection_2011/schl-cmhc/nh18-1/NH18-1-340-2005-eng.pdf |